Management accounting (Record no. 693)

MARC details
000 -LEADER
fixed length control field 00681 a2200217 4500
001 - CONTROL NUMBER
control field 066678
003 - CONTROL NUMBER IDENTIFIER
control field OSt
005 - DATE AND TIME OF LATEST TRANSACTION
control field 20211006104613.0
008 - FIXED-LENGTH DATA ELEMENTS--GENERAL INFORMATION
fixed length control field
020 ## - INTERNATIONAL STANDARD BOOK NUMBER
International Standard Book Number 9788177580341
082 ## - DEWEY DECIMAL CLASSIFICATION NUMBER
Classification number 658.1511
Item number A54M
100 1# - MAIN ENTRY--PERSONAL NAME
Personal name Atkinson, Anthony A.
245 1# - TITLE STATEMENT
Title Management accounting
Statement of responsibility, etc by Anthony A. Atkinson, Robert S. Kaplan and S. Mark Young
250 ## - EDITION STATEMENT
Edition statement 4th ed.
260 ## - PUBLICATION, DISTRIBUTION, ETC. (IMPRINT)
Place of publication, distribution, etc New Delhi
Name of publisher, distributor, etc Pearson
Date of publication, distribution, etc 2009
300 ## - PHYSICAL DESCRIPTION
Extent 598p.
690 ## - LOCAL SUBJECT ADDED ENTRY--TOPICAL TERM (OCLC, RLIN)
Topical term or geographic name as entry element Managerial accounting; Strategic planning; Cost accounting; Activity-based costing; Costs, Industrial; Industrial management
700 1# - ADDED ENTRY--PERSONAL NAME
Personal name Kaplan, Robert S.
700 1# - ADDED ENTRY--PERSONAL NAME
Personal name Young, S. Mark
942 ## - ADDED ENTRY ELEMENTS (KOHA)
Source of classification or shelving scheme Dewey Decimal Classification
Koha item type Books
Holdings
Withdrawn status Lost status Source of classification or shelving scheme Damaged status Not for loan Collection code Home library Current library Date acquired Source of acquisition Cost, normal purchase price Full call number Barcode Date last seen Price effective from Koha item type
    Dewey Decimal Classification     General Text Book Central University Of Rajasthan Central University Of Rajasthan 07/03/2012 MGM 350.00 658.1511 A54M 964 21/11/2024 02/09/2020 Books